00723cam a2200265 a 4500001000800000005001700008008004100025010001700066020003200083035002100115035001500136040001800151041000800169042001400177043001200191080001100203082001500214100000700229101000800236245008500244504005400329906004500383942001200428999001700440161927220171214074719.0960322s1996 gau b 000 0 eng d a 95082234  a1563522764 (pbk.) :c$15.95 a(OCoLC)34928501  a3661-89860 aOCocOCodDLC aeng alccopycat an-us--- a649..100a649..12211 a50 aSOC10aRaising compassionate, courageous children in a violent world /cby Janice Cohn. aIncludes bibliographical references (p. 242-251). a7bcbcccopycatd2eopcnf19gy-gencatlg 2ddccBK c38944d38944